Cơ sở văn hóa Việt Nam / : P.GS Vien su /

Van hoa hoc va van hoa VN- Van hoa nhan thuc-Van hoa to chuc doi song tap the-Van hoa to chuc doi song ca nhan- Van hoa ung xu voi moi truong tu nhien - Van hoa ung xu voi moi truong xa hoi.

Enregistré dans:
Détails bibliographiques
Auteur principal: Trần Ngọc Thêm
Autres auteurs: bien tap: Kim Ngan Ha Minh Chau
Format: Thèse Livre
Langue:Vietnamese
Publié: NXB Giáo dục, 2000.
Sujets:
Tags: Ajouter un tag
Pas de tags, Soyez le premier à ajouter un tag!
Thư viện lưu trữ: Mạng thư viện Đại học Đà Nẵng
LEADER 01367cam a22003491a 4500
001 000035876
003 12168
005 20240102090558.0
008 160321s2000 vm 000 vie
040 |a LNN 
041 |a vie 
082 |a 306.09897  |b TR-T 
100 |a Trần Ngọc Thêm 
245 0 |a Cơ sở văn hóa Việt Nam / :  |b P.GS Vien su /  |c Tran Ngoc Them. 
260 |a NXB Giáo dục,  |c 2000. 
300 |a 20cm :  |b 334tr;. 
502 |a Chuong trinh giao trinh ĐH  |b Co so van hoa VN 
520 |a Van hoa hoc va van hoa VN- Van hoa nhan thuc-Van hoa to chuc doi song tap the-Van hoa to chuc doi song ca nhan- Van hoa ung xu voi moi truong tu nhien - Van hoa ung xu voi moi truong xa hoi. 
650 |a Lich su van hoa  |b ban sac van hoa Viet nam 
653 |a Cơ sở văn hóa Việt Nam, Trần Ngọc Thêm,2001 
700 |a bien tap:  |b Kim Ngan  |c Ha Minh Chau 
OWN |a LNN 
902 |a GTTV 
AVA |a UDN50  |b LNN  |d 306.09897 TR-T  |e check_holdings  |t Error 5003 Not defined in file expand_doc_bib_avail.  |h N 
999 |a From the UDN01 
AVA |a UDN50  |b LNN  |d 306.09897 TR-T  |e available  |t Error 5001 Not defined in file expand_doc_bib_avail.  |f 71  |g 1  |h N  |i 6 
TYP |a Dissertation 
TYP |a Monograph 
TYP |a Printed language 
980 |a Mạng thư viện Đại học Đà Nẵng